000 00684nam a2200241Ia 4500
003 OSt
005 20220918223353.0
006 a|||||r|||| 00| 0
007 ta
008 220917b |||||||| |||| 00| 0 eng d
024 _a222,140
037 _cTextual
040 _aARTS
_cARTS
_beng
041 _2eng
_aeng
082 _aPk1, P4(FAL/RR)
100 _aWoodard Roger D. Ed.
_9145598
245 0 _aCambridge encyclopedia of the world's ancient languages
260 _aU.K.
_bCambridge Univ. press
_c2004
300 _axx, 1162p
_ccm.
650 _aLINGUISTICS
942 _hPk1, P4(FAL/RR)
_cTEXL
_2CC
999 _c278273
_d278273